000 00342nam a2200133Ia 4500
008 240624s9999 xx 000 0 und d
041 _aeng
082 _a657 WED
100 _aWEDEL JANINE R
245 _aUNACCOUNTABLE HOW ELITE POWER BROKERS CO
260 _c2014
_aLondon
_bPegasus Books
300 _axiii, 386 p,: 23 cm.
365 _c
_b38
999 _c31276
_d31276